000 00701nam a2200229Ia 4500
003 OSt
005 20220923225039.0
006 a|||||r|||| 00| 0
007 ta
008 220922b |||||||| |||| 00| 0 hin d
024 _a255,738
037 _cTextual
040 _aARTS
_cARTS
_bhin
041 _2hin
_ahin
082 _aY:1.233.C0g0152, M7.2
100 _aभगवान सिंह
245 0 _aहड़प्पा सभ्यता और वैदिक साहित्य
246 _aHaड़ppā sabhyatā aur vaidik sāhitya
260 _c1987
942 _hY:1.233.C0g0152, M7.2
_cTEXL
_2CC
999 _c375689
_d375689